[Event "DSJ Weihnachtsturnier U16: Lasker 2020"]
[Site ""]
[Date "2020.12.28"]
[Round "3"]
[White "Gallasch, Jonas"]
[Black "Nguyen, Alex Dac-Vuong"]
[Result "1-0"]
[Termination "normal"]
[Board "5.1"]
[BlackTitle "FM"]
[WhiteElo "2112"]
[BlackElo "2307"]
[WhiteTeam "Schachgemeinschaft Porz"]
[BlackTeam "Schachgemeinschaft Leipzig"]
[PlyCount "87"]
[WhiteFideId "16222474"]
[BlackFideId "12984388"]
[EventRounds "7"]
[EventType "team-swiss"]
[EventDate "2020.12.28"]

1. d4 {[%emt 0:00:07]} Nf6 {[%emt 0:00:05]} 2. c4 {[%emt 0:00:03]} e6 {[%emt
0:00:02]} 3. Nf3 {[%emt 0:00:01]} d5 {[%emt 0:00:02]} 4. Nc3 {[%emt 0:00:07]}
dxc4 {[%emt 0:00:04]} 5. e3 {[%emt 0:00:10]} a6 {[%emt 0:00:03]} 6. a4 { [%emt
0:00:02]} c5 {[%emt 0:00:01]} 7. Bxc4 {[%emt 0:00:02]} Nc6 {[%emt 0:00:08]} 8.
O-O {[%emt 0:00:13]} Be7 {[%emt 0:00:58]} 9. d5 {[%emt 0:00:38]} exd5 { [%emt
0:00:03]} 10. Nxd5 {[%emt 0:00:06]} Nxd5 {[%emt 0:00:17]} 11. Bxd5 { [%emt
0:00:03]} Qc7 {[%emt 0:00:46]} 12. Bd2 {[%emt 0:00:31]} O-O {[%emt 0:00:54]}
13. Qc2 {[%emt 0:00:16]} Rd8 {[%emt 0:00:24]} 14. Be4 {[%emt 0:00:30]} h6
{[%emt 0:00:07]} 15. Bc3 {[%emt 0:00:08]} Be6 {[%emt 0:00:10]} 16. Rfd1 { [%emt
0:01:08]} Qb6 {[%emt 0:01:07]} 17. a5 {[%emt 0:01:41]} Qb5 {[%emt 0:00:12]} 18.
Bd3 {[%emt 0:00:32]} Qb3 {[%emt 0:00:21]} 19. Nd2 {[%emt 0:00:15]} Qxc2 {[%emt
0:00:17]} 20. Bxc2 {[%emt 0:00:00]} Rd7 {[%emt 0:00:13]} 21. f4 { [%emt
0:00:57]} f6 {[%emt 0:01:01]} 22. Nf3 {[%emt 0:00:04]} Rad8 {[%emt 0:00:06]}
23. Kf2 {[%emt 0:00:14]} Nb4 {[%emt 0:00:20]} 24. Bxb4 {[%emt 0:00:13]} cxb4
{[%emt 0:00:00]} 25. Rxd7 {[%emt 0:00:21]} Rxd7 {[%emt 0:00:00]} 26. Nd4 {
[%emt 0:00:01]} Bf7 {[%emt 0:00:14]} 27. Ke2 {[%emt 0:00:21]} Bc5 {[%emt
0:00:04]} 28. Rd1 {[%emt 0:00:09]} Bxd4 {[%emt 0:00:21]} 29. Rxd4 {[%emt
0:00:06]} Rxd4 {[%emt 0:00:02]} 30. exd4 {[%emt 0:00:00]} Bd5 {[%emt 0:00:01]}
31. g3 { [%emt 0:00:10]} Kf7 {[%emt 0:00:02]} 32. Ke3 {[%emt 0:00:35]} Ke6
{[%emt 0:00:17]} 33. Be4 {[%emt 0:00:07]} Bxe4 {[%emt 0:01:29]} 34. Kxe4 {[%emt
0:00:02]} f5+ {[%emt 0:00:01]} 35. Kd3 {[%emt 0:00:16]} Kd5 {[%emt 0:00:02]}
36. b3 { [%emt 0:00:02]} h5 {[%emt 0:00:27]} 37. h3 {[%emt 0:00:09]} g6 {[%emt
0:00:02]} 38. h4 {[%emt 0:00:04]} Kc6 {[%emt 0:00:02]} 39. Kc4 {[%emt 0:00:01]}
Kd6 { [%emt 0:00:01]} 40. d5 {[%emt 0:00:03]} Kd7 {[%emt 0:00:01]} 41. Kxb4
{[%emt 0:00:01]} Kd6 {[%emt 0:00:02]} 42. Kc4 {[%emt 0:00:01]} Kd7 {[%emt
0:00:01]} 43. Kc5 {[%emt 0:00:02]} Kc7 {[%emt 0:00:01]} 44. b4 {[%emt 0:00:07]}
1-0

[Event "DSJ Weihnachtsturnier U16: Lasker 2020"]
[Site ""]
[Date "2020.12.28"]
[Round "3"]
[White "Haufe, Laurin"]
[Black "Sabirov, Rafael"]
[Result "1-0"]
[Termination "time forfeit"]
[Board "5.2"]
[WhiteElo "2052"]
[BlackElo "1635"]
[WhiteTeam "Schachgemeinschaft Leipzig"]
[BlackTeam "Schachgemeinschaft Porz"]
[PlyCount "123"]
[WhiteFideId "12976504"]
[BlackFideId "16241185"]
[EventRounds "7"]
[EventType "team-swiss"]
[EventDate "2020.12.28"]

1. e4 {[%emt 0:00:02]} c5 {[%emt 0:00:08]} 2. Nf3 {[%emt 0:00:02]} e6 {[%emt
0:00:01]} 3. d4 {[%emt 0:00:03]} cxd4 {[%emt 0:00:01]} 4. Nxd4 {[%emt 0:00:01]}
a6 {[%emt 0:00:01]} 5. Bd3 {[%emt 0:00:01]} Qc7 {[%emt 0:00:03]} 6. c4 { [%emt
0:00:05]} Nf6 {[%emt 0:00:04]} 7. Nc3 {[%emt 0:00:02]} b6 {[%emt 0:00:03] } 8.
O-O {[%emt 0:00:03]} Bb7 {[%emt 0:00:02]} 9. Be3 {[%emt 0:00:11]} d6 { [%emt
0:00:07]} 10. Qe2 {[%emt 0:00:13]} Nbd7 {[%emt 0:00:02]} 11. b4 {[%emt
0:00:13]} Ne5 {[%emt 0:00:15]} 12. Rac1 {[%emt 0:00:10]} Nxd3 {[%emt 0:00:13]}
13. Qxd3 {[%emt 0:00:00]} Be7 {[%emt 0:00:01]} 14. f3 {[%emt 0:00:05]} O-O {
[%emt 0:00:03]} 15. Nb3 {[%emt 0:00:05]} Rac8 {[%emt 0:00:18]} 16. Na4 { [%emt
0:00:11]} Nd7 {[%emt 0:00:08]} 17. Rfd1 {[%emt 0:00:11]} Bc6 {[%emt 0:00:36]}
18. Nb2 {[%emt 0:00:48] SGLeipz3-002 reconnected.} Qb8 {[%emt 0:01:06]} 19. Nd4
{[%emt 0:00:39]} b5 {[%emt 0:01:40] SGLeipz3-002 reconnected.} 20. Nxc6 {[%emt
0:00:00]} Rxc6 {[%emt 0:00:04]} 21. cxb5 {[%emt 0:00:07]} Rxc1 {[%emt 0:00:31]}
22. Rxc1 {[%emt 0:00:01]} axb5 {[%emt 0:00:01]} 23. Qc2 {[%emt 0:00:18] } Bd8
{[%emt 0:01:49]} 24. Kf1 {[%emt 0:01:38]} Bb6 {[%emt 0:00:30]} 25. Bxb6 { [%emt
0:00:05]} Qxb6 {[%emt 0:00:04]} 26. Qc6 {[%emt 0:00:23]} Qe3 {[%emt 0:00:46]}
27. Re1 {[%emt 0:00:31]} Qd4 {[%emt 0:00:28]} 28. Qxd7 {[%emt 0:00:14]} Qxb2
{[%emt 0:00:02]} 29. Qxd6 {[%emt 0:00:01]} Qxa2 {[%emt 0:00:05]} 30. Qc5 {
[%emt 0:00:05]} Qc4+ {[%emt 0:00:08]} 31. Qxc4 {[%emt 0:00:04] Porz6-002
reconnected.} bxc4 {[%emt 0:00:17]} 32. Rc1 {[%emt 0:00:02]} Rc8 {[%emt
0:00:10]} 33. Ke2 {[%emt 0:00:02] Porz6-002 reconnected.} Kf8 {[%emt 0:00:19]}
34. Kd2 {[%emt 0:00:06]} Ke7 {[%emt 0:00:04]} 35. Kc3 {[%emt 0:00:02]} e5
{[%emt 0:00:27]} 36. Rd1 {[%emt 0:00:07]} Ke6 {[%emt 0:00:10]} 37. Rd5 {[%emt
0:00:05]} f6 {[%emt 0:00:07]} 38. Rc5 {[%emt 0:00:07]} Ra8 {[%emt 0:00:03]} 39.
Kxc4 { [%emt 0:00:15]} Ra2 {[%emt 0:00:03]} 40. b5 {[%emt 0:00:10]} Kd6 {[%emt
0:00:05]} 41. Rc6+ {[%emt 0:00:15]} Kd7 {[%emt 0:00:01]} 42. Ra6 {[%emt
0:00:21]} Rxg2 {[%emt 0:00:04]} 43. Kc5 {[%emt 0:00:04]} Kc7 {[%emt 0:00:06]}
44. Ra7+ { [%emt 0:00:04]} Kb8 {[%emt 0:00:02]} 45. Kb6 {[%emt 0:00:02]} Rd2
{[%emt 0:00:04]} 46. Rxg7 {[%emt 0:00:03]} Rd6+ {[%emt 0:00:05]} 47. Kc5 {[%emt
0:00:01]} Re6 {[%emt 0:00:01]} 48. Rxh7 {[%emt 0:00:01]} Re8 {[%emt 0:00:05]}
49. h4 { [%emt 0:00:07]} Rg8 {[%emt 0:00:04]} 50. Kb6 {[%emt 0:00:02]} Re8
{[%emt 0:00:03]} 51. h5 {[%emt 0:00:01]} Rf8 {[%emt 0:00:02]} 52. h6 {[%emt
0:00:02]} f5 { [%emt 0:00:01]} 53. exf5 {[%emt 0:00:01]} Rf6+ {[%emt 0:00:02]}
54. Kc5 { [%emt 0:00:03]} Rxf5 {[%emt 0:00:00]} 55. Kd5 {[%emt 0:00:20]} Rh5
{[%emt 0:00:04]} 56. Ke4 {[%emt 0:00:18]} Kc8 {[%emt 0:00:03]} 57. b6 {[%emt
0:00:05]} Kb8 {[%emt 0:00:01]} 58. f4 {[%emt 0:00:11]} exf4 {[%emt 0:00:03]}
59. Kxf4 { [%emt 0:00:00]} Rb5 {[%emt 0:00:02]} 60. Rg7 {[%emt 0:00:06]} Rxb6
{[%emt 0:00:03]} 61. h7 {[%emt 0:00:01]} Rf6+ {[%emt 0:00:01]} 62. Kg5 {[%emt
0:00:02] TimeB} 1-0

[Event "DSJ Weihnachtsturnier U16: Lasker 2020"]
[Site ""]
[Date "2020.12.28"]
[Round "3"]
[White "Petzke, Julian"]
[Black "Laudwein, Jakob"]
[Result "0-1"]
[Termination "time forfeit"]
[Board "5.4"]
[WhiteElo "1514"]
[BlackElo "1559"]
[WhiteTeam "Schachgemeinschaft Leipzig"]
[BlackTeam "Schachgemeinschaft Porz"]
[PlyCount "48"]
[WhiteFideId "16244885"]
[BlackFideId "16258487"]
[EventRounds "7"]
[EventType "team-swiss"]
[EventDate "2020.12.28"]

1. e4 {[%emt 0:00:04]} c5 {[%emt 0:00:05]} 2. Nf3 {[%emt 0:00:07]} e6 {[%emt
0:00:02]} 3. d4 {[%emt 0:00:06]} cxd4 {[%emt 0:00:02]} 4. Nxd4 {[%emt 0:00:07]}
Nc6 {[%emt 0:00:02]} 5. Nc3 {[%emt 0:00:08]} a6 {[%emt 0:00:02]} 6. Bd3 { [%emt
0:00:21]} Nge7 {[%emt 0:00:07]} 7. f3 {[%emt 0:00:08]} Nxd4 {[%emt 0:00:05]} 8.
Be3 {[%emt 0:00:47]} Nec6 {[%emt 0:00:23]} 9. Qd2 {[%emt 0:00:15]} Be7 {[%emt
0:01:37]} 10. O-O-O {[%emt 0:00:35]} b5 {[%emt 0:01:16]} 11. Bf1 { [%emt
0:00:23]} e5 {[%emt 0:00:27]} 12. Nd5 {[%emt 0:00:48]} Bb7 {[%emt 0:01:19]} 13.
c3 {[%emt 0:01:27]} Ne6 {[%emt 0:00:28]} 14. Bb6 {[%emt 0:00:14]} Qc8 {[%emt
0:00:37]} 15. g3 {[%emt 0:02:34]} Bc5 {[%emt 0:00:07]} 16. Bxc5 { [%emt
0:00:07]} Nxc5 {[%emt 0:00:02]} 17. Nb6 {[%emt 0:00:05]} Qc7 {[%emt 0:00:22]}
18. Nxa8 {[%emt 0:00:11]} Bxa8 {[%emt 0:00:03]} 19. Bh3 {[%emt 0:00:18]} a5
{[%emt 0:00:49]} 20. Kb1 {[%emt 0:00:29]} Ne7 {[%emt 0:00:33]} 21. Qd6 { [%emt
0:00:55]} Qxd6 {[%emt 0:00:23]} 22. Rxd6 {[%emt 0:00:02]} Nc8 {[%emt 0:00:16]}
23. Rd5 {[%emt 0:00:16]} Bxd5 {[%emt 0:00:10]} 24. exd5 {[%emt 0:00:07] } Nb6
{[%emt 0:00:06] TimeW} 0-1

[Event "DSJ Weihnachtsturnier U16: Lasker 2020"]
[Site ""]
[Date "2020.12.28"]
[Round "3"]
[White "Hoffmann, Kay"]
[Black "Koll, Linus"]
[Result "0-1"]
[Termination "normal"]
[Board "6.1"]
[WhiteElo "1583"]
[BlackElo "1963"]
[WhiteTeam "Barnimer Schachfreunde im SV Stahl Finow"]
[BlackTeam "Karlsruher SF 1853"]
[PlyCount "86"]
[WhiteFideId "16227000"]
[BlackFideId "12990299"]
[EventRounds "7"]
[EventType "team-swiss"]
[EventDate "2020.12.28"]

1. f4 {[%emt 0:00:06]} d5 {[%emt 0:00:05]} 2. Nf3 {[%emt 0:00:08]} g6 {[%emt
0:00:09]} 3. e3 {[%emt 0:00:03]} Bg7 {[%emt 0:00:01]} 4. Be2 {[%emt 0:00:15]}
e6 {[%emt 0:00:08]} 5. O-O {[%emt 0:00:03]} Ne7 {[%emt 0:00:02]} 6. d4 {[%emt
0:00:03]} O-O {[%emt 0:00:02]} 7. b3 {[%emt 0:00:02]} c5 {[%emt 0:00:54]} 8.
Bb2 {[%emt 0:00:15]} Nf5 {[%emt 0:00:06]} 9. Qd2 {[%emt 0:00:08]} Nc6 {[%emt
0:00:08]} 10. Na3 {[%emt 0:00:12]} Qb6 {[%emt 0:01:20]} 11. dxc5 {[%emt
0:00:18]} Qxc5 {[%emt 0:00:03]} 12. Bxg7 {[%emt 0:00:06]} Kxg7 {[%emt 0:00:02]}
13. Nb5 { [%emt 0:01:24]} Nxe3 {[%emt 0:00:49]} 14. Nfd4 {[%emt 0:01:29]} Nxf1
{[%emt 0:00:21]} 15. Kxf1 {[%emt 0:00:27]} a6 {[%emt 0:01:44]} 16. Nc7 {[%emt
0:00:23]} Nxd4 {[%emt 0:00:06]} 17. Nxa8 {[%emt 0:00:07]} Bd7 {[%emt 0:00:11]}
18. Nc7 { [%emt 0:00:12]} Nxe2 {[%emt 0:00:08]} 19. Nxa6 {[%emt 0:00:25]} Qg1+
{[%emt 0:00:16]} 20. Kxe2 {[%emt 0:00:08]} Qxa1 {[%emt 0:00:02]} 21. Nc5 {[%emt
0:00:05] } Bb5+ {[%emt 0:00:22]} 22. Kf2 {[%emt 0:00:17]} Qf1+ {[%emt 0:00:04]}
23. Kg3 {[%emt 0:00:10]} Qe2 {[%emt 0:00:40]} 24. Qd4+ {[%emt 0:00:11]} e5
{[%emt 0:00:05]} 25. fxe5 {[%emt 0:00:12]} Kg8 {[%emt 0:00:47]} 26. a4 {[%emt
0:00:10]} Bc6 {[%emt 0:00:12]} 27. b4 {[%emt 0:00:21]} Qe1+ {[%emt 0:00:21]}
28. Kh3 { [%emt 0:00:05]} g5 {[%emt 0:00:43]} 29. b5 {[%emt 0:00:13]} Qh4+
{[%emt 0:00:04]} 30. Qxh4 {[%emt 0:00:04]} gxh4 {[%emt 0:00:00]} 31. Kxh4
{[%emt 0:00:01]} Rc8 {[%emt 0:00:11]} 32. bxc6 {[%emt 0:00:10]} Rxc6 {[%emt
0:00:02]} 33. Nxb7 { [%emt 0:00:01]} Rxc2 {[%emt 0:00:03]} 34. a5 {[%emt
0:00:15]} Ra2 {[%emt 0:00:01]} 35. Kg3 {[%emt 0:00:34]} d4 {[%emt 0:00:01]} 36.
Nc5 {[%emt 0:00:02]} Rxa5 {[%emt 0:00:03]} 37. Nb3 {[%emt 0:00:10]} Ra3 {[%emt
0:00:01]} 38. Kf4 { [%emt 0:00:01]} Rxb3 {[%emt 0:00:01]} 39. Ke4 {[%emt
0:00:05]} Rb2 {[%emt 0:00:03]} 40. Kxd4 {[%emt 0:00:02]} Rxg2 {[%emt 0:00:02]}
41. Kd5 {[%emt 0:00:04]} Rxh2 {[%emt 0:00:01]} 42. e6 {[%emt 0:00:01]} fxe6+
{[%emt 0:00:00]} 43. Kxe6 { [%emt 0:00:01]} Rg2 {[%emt 0:00:01]} 0-1

[Event "DSJ Weihnachtsturnier U16: Lasker 2020"]
[Site ""]
[Date "2020.12.28"]
[Round "3"]
[White "Wang, Xinyuan"]
[Black "Beyer, Clemens"]
[Result "1-0"]
[Termination "normal"]
[Board "6.2"]
[WhiteElo "1759"]
[BlackElo "1658"]
[WhiteTeam "Karlsruher SF 1853"]
[BlackTeam "Barnimer Schachfreunde im SV Stahl Finow"]
[PlyCount "169"]
[WhiteFideId "16221494"]
[BlackFideId "16245407"]
[EventRounds "7"]
[EventType "team-swiss"]
[EventDate "2020.12.28"]

1. d4 {[%emt 0:02:48]} d5 {[%emt 0:00:05]} 2. c4 { [%emt 0:00:11]} e6 {[%emt
0:00:01]} 3. Nc3 {[%emt 0:00:19]} f5 {[%emt 0:00:04]} 4. Bf4 {[%emt 0:00:02]}
c6 {[%emt 0:00:03]} 5. Nf3 {[%emt 0:00:05]} Nf6 { [%emt 0:00:02]} 6. e3 {[%emt
0:00:01]} Bd6 {[%emt 0:00:01]} 7. Be2 {[%emt 0:00:02]} O-O {[%emt 0:00:02]} 8.
O-O {[%emt 0:00:01]} Ne4 {[%emt 0:00:01]} 9. Nd2 { [%emt 0:00:05]} Qe7 {[%emt
0:00:18]} 10. f3 {[%emt 0:00:07]} Nf6 {[%emt 0:00:12]} 11. Bxd6 {[%emt
0:00:24]} Qxd6 {[%emt 0:00:00]} 12. cxd5 {[%emt 0:00:04]} exd5 {[%emt 0:00:03]}
13. Nb3 {[%emt 0:00:09]} Qe7 {[%emt 0:00:14]} 14. Qd2 { [%emt 0:00:04]} Re8
{[%emt 0:00:05]} 15. Nd1 {[%emt 0:00:33]} Be6 {[%emt 0:00:09]} 16. Bd3 {[%emt
0:00:05]} Nbd7 {[%emt 0:00:14]} 17. Nf2 {[%emt 0:00:05]} g6 {[%emt 0:00:11]}
18. Rfe1 {[%emt 0:00:05]} Bf7 {[%emt 0:00:04]} 19. Re2 { [%emt 0:00:08]} Qd6
{[%emt 0:00:05]} 20. Rae1 {[%emt 0:00:03]} Re7 {[%emt 0:00:03]} 21. e4 {[%emt
0:00:18]} dxe4 {[%emt 0:00:18]} 22. fxe4 {[%emt 0:00:04]} Bxb3 {[%emt 0:01:46]}
23. axb3 {[%emt 0:00:00]} fxe4 {[%emt 0:00:34]} 24. Nxe4 {[%emt 0:00:19]} Nxe4
{[%emt 0:00:07]} 25. Rxe4 {[%emt 0:00:04]} Rxe4 {[%emt 0:01:15]} 26. Rxe4
{[%emt 0:00:04]} Nf6 {[%emt 0:00:14]} 27. Bc4+ {[%emt 0:00:21] } Nd5 {[%emt
0:00:15]} 28. Qe2 {[%emt 0:00:31]} Rf8 {[%emt 0:00:22]} 29. h3 { [%emt
0:00:19]} b5 {[%emt 0:00:26]} 30. Bxd5+ {[%emt 0:00:06]} Qxd5 {[%emt 0:00:04]}
31. b4 {[%emt 0:00:22]} Qd6 {[%emt 0:00:44]} 32. Kh1 {[%emt 0:00:25]} Qxb4
{[%emt 0:00:49]} 33. d5 {[%emt 0:00:25]} Qc5 {[%emt 0:00:26]} 34. dxc6 { [%emt
0:00:19]} Qxc6 {[%emt 0:00:04]} 35. Re7 {[%emt 0:00:12]} a6 {[%emt 0:00:14]}
36. Qe5 {[%emt 0:00:40]} Qc1+ {[%emt 0:00:06]} 37. Kh2 {[%emt 0:00:03]} Qf4+
{[%emt 0:00:02]} 38. Qxf4 {[%emt 0:00:08]} Rxf4 {[%emt 0:00:00]} 39. Ra7 {
[%emt 0:00:03]} Rb4 {[%emt 0:00:02]} 40. Rxa6 {[%emt 0:00:04]} Rxb2 {[%emt
0:00:01]} 41. Rb6 {[%emt 0:00:09]} b4 {[%emt 0:00:03]} 42. Rb7 {[%emt 0:00:02]}
b3 {[%emt 0:00:03]} 43. h4 {[%emt 0:00:02]} Rb1 {[%emt 0:00:03]} 44. Kg3 {
[%emt 0:00:03]} b2 {[%emt 0:00:01]} 45. Kh2 {[%emt 0:00:18]} Kf8 {[%emt
0:00:15]} 46. g3 {[%emt 0:00:06]} Ke8 {[%emt 0:00:02]} 47. Kg2 {[%emt 0:00:03]}
Kd8 {[%emt 0:00:01]} 48. Kf2 {[%emt 0:00:02]} Kc8 {[%emt 0:00:01]} 49. Rb3 {
[%emt 0:00:03]} Kd7 {[%emt 0:00:02]} 50. Ke2 {[%emt 0:00:01]} Kd6 {[%emt
0:00:02]} 51. Kd2 {[%emt 0:00:01]} Ke5 {[%emt 0:00:05]} 52. Kc2 {[%emt
0:00:02]} Rg1 {[%emt 0:00:01]} 53. Kxb2 {[%emt 0:00:03]} Kf5 {[%emt 0:00:01]}
54. Kc2 { [%emt 0:00:06]} Rg2+ {[%emt 0:00:02]} 55. Kd1 {[%emt 0:00:02]} Kg4
{[%emt 0:00:07]} 56. Rb7 {[%emt 0:00:07]} h6 {[%emt 0:00:25]} 57. Rb6 {[%emt
0:00:03]} Kh5 {[%emt 0:00:04]} 58. Rb3 {[%emt 0:00:07]} Kg4 {[%emt 0:00:04]}
59. Rb6 { [%emt 0:00:02]} Kf5 {[%emt 0:00:04]} 60. Rb3 {[%emt 0:00:06]} Ke4
{[%emt 0:00:10]} 61. Ke1 {[%emt 0:00:04]} Rc2 {[%emt 0:00:21]} 62. Kd1 {[%emt
0:00:18]} Rc6 {[%emt 0:00:01]} 63. Ke1 {[%emt 0:00:01]} Kf5 {[%emt 0:00:01]}
64. Kf2 { [%emt 0:00:01]} Kg4 {[%emt 0:00:01]} 65. Rb4+ {[%emt 0:00:02]} Kf5
{[%emt 0:00:03]} 66. Rf4+ {[%emt 0:00:02]} Ke5 {[%emt 0:00:01]} 67. Kf3 {[%emt
0:00:01]} Rc3+ {[%emt 0:00:01]} 68. Kg2 {[%emt 0:00:01]} g5 {[%emt 0:00:02]}
69. hxg5 { [%emt 0:00:02]} hxg5 {[%emt 0:00:00]} 70. Ra4 {[%emt 0:00:01]} Rc2+
{[%emt 0:00:02]} 71. Kh3 {[%emt 0:00:01]} Rb2 {[%emt 0:00:01]} 72. Kg4 {[%emt
0:00:02]} Rg2 {[%emt 0:00:05]} 73. Ra5+ {[%emt 0:00:01]} Kf6 {[%emt 0:00:01]}
74. Rf5+ { [%emt 0:00:02]} Ke6 {[%emt 0:00:03]} 75. Rxg5 {[%emt 0:00:01]} Rc2
{[%emt 0:00:02]} 76. Ra5 {[%emt 0:00:02]} Rc4+ {[%emt 0:00:01]} 77. Kg5 {[%emt
0:00:01]} Kf7 {[%emt 0:00:03]} 78. g4 {[%emt 0:00:01]} Kg7 {[%emt 0:00:01]} 79.
Ra7+ { [%emt 0:00:02]} Kf8 {[%emt 0:00:03]} 80. Kf5 {[%emt 0:00:03]} Rc5+
{[%emt 0:00:01]} 81. Kf6 {[%emt 0:00:02]} Kg8 {[%emt 0:00:04]} 82. g5 {[%emt
0:00:02]} Rc1 {[%emt 0:00:01]} 83. Ra8+ {[%emt 0:00:04]} Kh7 {[%emt 0:00:06]}
84. g6+ { [%emt 0:00:02]} Kh6 {[%emt 0:00:01]} 85. Rh8# {[%emt 0:00:00]} 1-0

[Event "DSJ Weihnachtsturnier U16: Lasker 2020"]
[Site ""]
[Date "2020.12.28"]
[Round "3"]
[White "Beyer, Lorenz"]
[Black "Hänselmann, Hendrik"]
[Result "0-1"]
[Termination "normal"]
[Board "6.3"]
[WhiteElo "1362"]
[BlackElo "1828"]
[WhiteTeam "Barnimer Schachfreunde im SV Stahl Finow"]
[BlackTeam "Karlsruher SF 1853"]
[PlyCount "78"]
[WhiteFideId "16245393"]
[BlackFideId "16232755"]
[EventRounds "7"]
[EventType "team-swiss"]
[EventDate "2020.12.28"]

1. d4 {[%emt 0:00:08]} Nf6 {[%emt 0:00:06]} 2. Nf3 {[%emt 0:00:01]} g6 { [%emt
0:00:08]} 3. Bf4 {[%emt 0:00:02]} Bg7 {[%emt 0:00:05]} 4. e3 {[%emt 0:00:02]}
d5 {[%emt 0:00:08]} 5. Bd3 {[%emt 0:00:05]} O-O {[%emt 0:00:04]} 6. O-O { [%emt
0:00:02]} b6 {[%emt 0:00:41]} 7. Nbd2 {[%emt 0:00:02]} Bb7 {[%emt 0:00:15]} 8.
c3 {[%emt 0:00:02]} c5 {[%emt 0:00:16]} 9. Qe2 {[%emt 0:00:07]} Nc6 { [%emt
0:00:23]} 10. Ne5 {[%emt 0:00:11]} Nd7 {[%emt 0:00:19]} 11. Nxc6 { [%emt
0:00:07]} Bxc6 {[%emt 0:00:02]} 12. Nf3 {[%emt 0:00:02]} e6 {[%emt 0:00:15]}
13. Bb5 {[%emt 0:00:14]} Bb7 {[%emt 0:00:25]} 14. Rad1 {[%emt 0:00:28]} a6
{[%emt 0:00:15]} 15. Ba4 {[%emt 0:00:04]} Rc8 {[%emt 0:00:11]} 16. Bc2 { [%emt
0:00:13]} Qe7 {[%emt 0:00:08]} 17. Rd2 {[%emt 0:00:14]} cxd4 {[%emt 0:00:58]}
18. exd4 {[%emt 0:00:06]} b5 {[%emt 0:00:30]} 19. Re1 {[%emt 0:00:16]} b4
{[%emt 0:00:09]} 20. Rd3 {[%emt 0:00:15]} a5 {[%emt 0:00:09]} 21. Re3 {[%emt
0:00:05]} Nb6 {[%emt 0:00:17]} 22. cxb4 {[%emt 0:00:50]} Nc4 {[%emt 0:00:26]}
23. Rc3 {[%emt 0:00:06]} axb4 {[%emt 0:00:04]} 24. Rb3 {[%emt 0:00:03]} Bc6 {
[%emt 0:00:10]} 25. Ne5 {[%emt 0:00:09]} Ba4 {[%emt 0:00:44]} 26. Nxc4 { [%emt
0:00:05]} Rxc4 {[%emt 0:00:04]} 27. Rc3 {[%emt 0:00:43]} bxc3 {[%emt 0:00:05]}
28. b3 {[%emt 0:00:02]} Rxd4 {[%emt 0:00:35]} 29. bxa4 {[%emt 0:00:04]} Rxf4
{[%emt 0:00:03]} 30. Qe3 {[%emt 0:00:05]} Rb4 {[%emt 0:00:05]} 31. Bb3 { [%emt
0:00:03]} d4 {[%emt 0:00:05]} 32. Qd3 {[%emt 0:00:02]} Qg5 {[%emt 0:00:08]} 33.
h3 {[%emt 0:00:24]} Qd2 {[%emt 0:00:19]} 34. Qe4 {[%emt 0:00:06]} d3 { [%emt
0:00:22]} 35. Qe3 {[%emt 0:00:38]} Qxe3 {[%emt 0:00:04]} 36. fxe3 { [%emt
0:00:03]} d2 {[%emt 0:00:06]} 37. Rd1 {[%emt 0:00:04]} Rxb3 {[%emt 0:00:02]}
38. axb3 {[%emt 0:00:02]} c2 {[%emt 0:00:01]} 39. Rxd2 {[%emt 0:00:02]} c1=Q+
{[%emt 0:00:01]} 0-1